| 000 | 00407nam a2200133Ia 4500 | ||
|---|---|---|---|
| 008 | 220217s9999||||xx |||||||||||||| ||und|| | ||
| 020 | _a978-81-315-0171-9 | ||
| 082 | _a621.382 2 SCH | ||
| 100 | _aSchilling, Robert, J and Harris, Sandra, L | ||
| 245 | 0 | _aFundamentals of digital signal processing | |
| 260 |
_aCengage learning _bAustralia _c2005 |
||
| 300 | _b375 | ||
| 650 |
_aSIGNAL PROCESSING _9719 |
||
| 999 |
_c176934 _d176934 |
||